| 000 | 00647 a2200181 4500 | ||
|---|---|---|---|
| 010 | _aENG-89787 | ||
| 020 |
_a8189654403 _c275.00 |
||
| 035 | _aEN-73320 | ||
| 037 | _bDBAD / PUB | ||
| 082 | 1 | 4 | _a338.954 |
| 090 |
_c11687 _d11687 |
||
| 245 | 1 |
_aAlternative economic survey, India 2006-07: _bpampering corporates pauperizing masses/ |
|
| 260 |
_aDelhi _bDaanish Books _c2007 |
||
| 270 |
_aB-802, Taj Apartments, Gazipur, _bDelhi _e110 096 _mdaanishbooks@gmail.com |
||
| 300 |
_axviii, 274p. _c28 cm (pbk) |
||
| 942 |
_adpl _cEN _k338.954 / ALT |
||
| 999 |
_c11367 _d11367 |
||